E-learning ako efektívny prostriedok vyučovania cudzieho jazyka na vysokej škole

Používanie informačno-komunikačných technológií. Využitie e-materiálov vo vyučovacom procese. Využívanie konštruktivistickej koncepcie.

Saved in:
Bibliographic Details
Main Author: Pätoprstá, Jana
Format: Book Chapter
Language:Slovak
Subjects:
Tags: Add Tag
No Tags, Be the first to tag this record!

MARC

LEADER 00000nla a2200000 4500
001 0220132
005 20240502073623.8
041 0 |a slo 
044 |a SK 
245 1 0 |a E-learning ako efektívny prostriedok vyučovania cudzieho jazyka na vysokej škole  |c Jana Pätoprstá 
520 |a Používanie informačno-komunikačných technológií. Využitie e-materiálov vo vyučovacom procese. Využívanie konštruktivistickej koncepcie. 
610 2 0 |a vzdelávanie 
610 2 0 |a vzdelávanie vysokoškolské 
610 2 0 |a vzdelávanie elektronické 
610 2 0 |a študenti 
610 2 0 |a učitelia 
610 2 0 |a technológie informačné 
610 2 0 |a technológie komunikačné 
610 2 0 |a počítače 
610 2 0 |a jazyky cudzie 
100 1 |a Pätoprstá, Jana